| 000 | 00581nam a2200205Ia 4500 | ||
|---|---|---|---|
| 003 | BUBTL | ||
| 008 | 151213s9999 xx 000 0 und d | ||
| 082 | _a821.7/ Se551p/ 2002 | ||
| 100 |
_aSen, Dr. S. _95038 |
||
| 245 |
_aWilliam Words Worth Preface to the Lyrical Ballads : _cDr. S. Sen |
||
| 250 | _a1st Edn. | ||
| 260 |
_aDhaka _bFriends Book Corner _cc2002 |
||
| 300 |
_a208p. : _c21 cm |
||
| 650 | 0 |
_aEnglish Literature _91994 |
|
| 650 | _a | ||
| 700 |
_aDr. S. Sen _95039 |
||
| 856 |
_k0 _l0 _yDownload |
||
| 942 |
_2ddc _cBK |
||
| 999 |
_c3043 _d3043 |
||